000 01014nam a2200313 i 4500
001 000039293
003 DO-SdBNP
005 20250318112415.0
007 ta
008 130621s2013 dr 000 0 spa d
020 _a9789945165210
040 _aDO-SdBNP
_bspa
_cBNPHU
_erda
041 _aspa
082 4 _aRD863.44
_bR457b
_222
100 1 _aReyes Pérez, Freddy,
_d1936-
_eautor
_4aut.
_965485
245 1 0 _aDel bachiller que construyó un aeroplano en el patio de su casa /
_cFreddy Reyes.
250 _aPrimera edición
264 _aSanto Domingo :
_bEditora Búho,
_c2013.
300 _a338 páginas ;
_c24 cm.
336 _atexto
_btxt
_2rdacontent
337 _asin mediación
_bn
_2rdamedia
338 _avolumen
_bnc
_2rdacarrier
500 _aIncluye datos biográficos del autor en la solapa de la cubierta.
590 _aInventariado,2020 /MAA
650 4 _aNovela dominicana
_9223
650 4 _aLiteratura dominicana.
_967
910 _aValidado. Control de calidad EMS
942 _2ddc
_cLBS1
999 _c38783
_d38783